[Event "Moscow Open 2007"]
[Site "Moscow"]
[Date "2007.01.28"]
[Round "2"]
[White "Matsenko, Sergei"]
[Black "Chadaev, Nikolai"]
[Result "1/2-1/2"]
[WhiteElo "2378"]
[BlackElo "2484"]
[PlyCount "66"]
[EventDate "2007.??.??"]

1. e4 g6 2. d4 Bg7 3. Nc3 d6 4. f4 Nf6 5. Nf3 c5 6. dxc5 Qa5 7. Bd3 Qxc5 8. Qe2
Bg4 9. Be3 Qa5 10. O-O Nc6 11. Qe1 Bxf3 12. Rxf3 O-O 13. a3 Rac8 14. Kh1 Rfe8
15. Rf1 Nd7 16. Bd2 Qd8 17. Qg3 Nc5 18. f5 Nxd3 19. cxd3 Qb6 20. fxg6 hxg6 21.
Qf4 Rf8 22. Nd5 Qxb2 23. Rac1 Rce8 24. Rf3 f5 25. exf5 Rxf5 26. Qg4 e6 27. Rxf5
gxf5 28. Nc7 d5 29. Qf4 Re7 30. Re1 e5 31. Qxf5 Qxd2 32. Qc8+ Kh7 33. Qf5+ Kh6
1/2-1/2

[Event "Moscow Open 2007"]
[Site "Moscow"]
[Date "2007.01.28"]
[Round "2"]
[White "Filipenko, Alexander V"]
[Black "Krapivin, Alexander"]
[Result "0-1"]
[WhiteElo "2376"]
[BlackElo "2478"]
[PlyCount "128"]
[EventDate "2007.??.??"]

1. d4 d5 2. c4 e6 3. Nf3 c6 4. Qc2 f5 5. Bf4 Nf6 6. e3 Bd6 7. Nc3 O-O 8. Bd3 a6
9. c5 Be7 10. h3 Ne4 11. Ne5 Nd7 12. O-O Nxe5 13. Bxe5 Bf6 14. Bxe4 Bxe5 15.
Bxd5 exd5 16. dxe5 Qe7 17. Ne2 Qxe5 18. Qc3 Qe7 19. Rae1 Bd7 20. Nf4 Rae8 21.
Nd3 Qf6 22. Qxf6 Rxf6 23. f4 Re4 24. Ne5 Be6 25. a3 Rf8 26. Nf3 Bc8 27. Kf2
Rfe8 28. g3 h6 29. h4 g6 30. Ne5 Kg7 31. Rd1 Kf6 32. Rd4 R4xe5 33. fxe5+ Rxe5
34. Ke2 Ke7 35. Kd3 Kd8 36. b4 Bd7 37. a4 Kc7 38. Ke2 Re7 39. Kd3 Re8 40. a5
Re7 41. Rdf4 h5 42. Rd4 Bc8 43. Ke2 Kd7 44. e4 fxe4 45. Rf8 Kc7 46. Ke3 Bg4 47.
Rd2 Kd7 48. Rf6 Re6 49. Rf7+ Re7 50. Rf6 Kc7 51. Rd6 Rd7 52. Rf6 Rg7 53. Rdf2
Bf3 54. Rd2 g5 55. hxg5 Rxg5 56. Rf7+ Kb8 57. Kf2 Rg8 58. Rd4 Rd8 59. Ke3 Kc8
60. Rd2 Rd7 61. Rf8+ Kc7 62. Rf6 Re7 63. Rd4 Kd7 64. Kf2 Rg7 0-1

[Event "Moscow Open 2007"]
[Site "Moscow"]
[Date "2007.01.28"]
[Round "2"]
[White "Gasanov, Eldar"]
[Black "Zemtsov, Igor"]
[Result "1-0"]
[WhiteElo "2477"]
[BlackElo "2364"]
[PlyCount "59"]
[EventDate "2007.??.??"]

1. d4 g6 2. c4 Bg7 3. e4 d6 4. Nc3 Nc6 5. Be3 e5 6. d5 Nce7 7. g4 f5 8. gxf5
gxf5 9. Qh5+ Kf8 10. exf5 Nf6 11. Qf3 c6 12. dxc6 bxc6 13. O-O-O d5 14. Bc5 d4
15. Ne4 Qa5 16. Nxf6 Bxf6 17. Qxc6 Bg5+ 18. f4 Bxf4+ 19. Kc2 Qb6 20. Qxa8 Qxc5
21. Bd3 Kf7 22. Qf3 Nxf5 23. Qh5+ Kf6 24. Ne2 Be6 25. Nxf4 exf4 26. Kb1 Rb8 27.
Rd2 Rb7 28. Rg1 Rf7 29. Re2 Ke7 30. Rge1 1-0

[Event "Moscow Open 2007"]
[Site "Moscow"]
[Date "2007.01.28"]
[Round "2"]
[White "Utkin, Aleksey"]
[Black "Dvalishvili, Pavel S"]
[Result "1/2-1/2"]
[WhiteElo "2374"]
[BlackElo "2477"]
[PlyCount "90"]
[EventDate "2007.??.??"]

1. d4 Nf6 2. Nf3 d6 3. Bg5 Nbd7 4. Nbd2 h6 5. Bh4 g5 6. Bg3 Bg7 7. c3 b6 8. e4
Bb7 9. Qc2 Nh5 10. O-O-O e6 11. Nc4 Qe7 12. Ne3 O-O-O 13. Bb5 a6 14. Bc4 Kb8
15. Rhe1 Nxg3 16. hxg3 h5 17. d5 Rc8 18. Nd4 Bxd4 19. Rxd4 h4 20. gxh4 Rxh4 21.
g3 Rhh8 22. Rdd1 b5 23. Bf1 Nb6 24. Qd2 Qf6 25. Kb1 exd5 26. Nxd5 Nxd5 27. exd5
Rh2 28. Re2 Rch8 29. a4 Qf5+ 30. Ka1 Qg4 31. axb5 Qa4+ 32. Kb1 axb5 33. Ree1 f6
34. Qe3 Qb3 35. Qd4 f5 36. c4 bxc4 37. Bxc4 Qb6 38. Qxb6 cxb6 39. Rd2 Rh1 40.
Rde2 Rxe1+ 41. Rxe1 Rh2 42. Re8+ Ka7 43. Re7 Rxf2 44. Bb5 Kb8 45. Re8+ Ka7
1/2-1/2

[Event "Moscow Open 2007"]
[Site "Moscow"]
[Date "2007.01.28"]
[Round "2"]
[White "Tunik, Gennady"]
[Black "Moskalenko, Alexander"]
[Result "1/2-1/2"]
[WhiteElo "2475"]
[BlackElo "2352"]
[PlyCount "79"]
[EventDate "2007.??.??"]

1. d4 d5 2. c4 c6 3. Nf3 Nf6 4. e3 e6 5. Bd3 dxc4 6. Bxc4 Nbd7 7. O-O Bd6 8. h3
O-O 9. Nbd2 c5 10. Be2 b6 11. Nc4 Be7 12. a4 Bb7 13. b3 Qc7 14. Bb2 Rfd8 15.
Rc1 Rac8 16. Rc2 Be4 17. Rd2 cxd4 18. Nxd4 Bb4 19. Nb5 Qb8 20. Bc3 Bxc3 21.
Nxc3 Ne5 22. Nxe5 Rxd2 23. Qxd2 Qxe5 24. Rc1 g6 25. Nb5 Rxc1+ 26. Qxc1 Bd5 27.
Nd4 a5 28. Qc8+ Kg7 29. Qc3 Qe4 30. f3 Qb1+ 31. Kf2 e5 32. Nb5 Nd7 33. Bc4 Bxc4
34. Qxc4 Qb2+ 35. Kg3 Nc5 36. Qd5 f6 37. Qd8 Qxb3 38. Nd6 Qxe3 39. Qe7+ Kh6 40.
Qf8+ 1/2-1/2

[Event "Moscow Open 2007"]
[Site "Moscow"]
[Date "2007.01.28"]
[Round "2"]
[White "Kachar, Vladimir"]
[Black "Petrushin, Alexander I"]
[Result "0-1"]
[WhiteElo "2364"]
[BlackElo "2473"]
[PlyCount "78"]
[EventDate "2007.??.??"]

1. Nf3 Nf6 2. c4 g6 3. Nc3 Bg7 4. d4 O-O 5. e4 d6 6. Be2 e5 7. Be3 Nbd7 8. Qd2
Ng4 9. Bg5 f6 10. Bh4 Nh6 11. dxe5 dxe5 12. O-O-O Nf7 13. Qc2 c6 14. Ne1 Qe7
15. Nd3 Nd8 16. Bf1 Ne6 17. Ne2 b5 18. Kb1 bxc4 19. Qxc4 Nb6 20. Qb4 c5 21. Qa5
Rd8 22. Nc3 Rb8 23. Nc1 Nd4 24. Nb3 Bf8 25. Be2 Be6 26. Nxd4 exd4 27. Nb5 Bc4
28. Bf3 g5 29. Bg3 g4 30. Bxb8 Rxb8 31. Na3 gxf3 32. gxf3 Be2 33. Rdg1+ Kh8 34.
Rg3 Bxf3 35. Re1 Bh5 36. Ka1 Bf7 37. Qa6 c4 38. Nb5 d3 39. Nc3 Bh6 0-1

[Event "Moscow Open 2007"]
[Site "Moscow"]
[Date "2007.01.28"]
[Round "2"]
[White "Rakhmanov, Aleksandr"]
[Black "Koshevoy, Sergey"]
[Result "1-0"]
[WhiteElo "2473"]
[BlackElo "2294"]
[PlyCount "81"]
[EventDate "2007.??.??"]

1. d4 Nf6 2. c4 e6 3. Nc3 d5 4. cxd5 exd5 5. Bg5 c6 6. e3 Nbd7 7. Bd3 Bd6 8.
Qc2 Nf8 9. Bh4 Ng6 10. Bg3 O-O 11. Nf3 Re8 12. O-O-O Qe7 13. Bxd6 Qxd6 14. Rdg1
Bd7 15. h4 Rac8 16. h5 Nf8 17. Rh4 c5 18. dxc5 Rxc5 19. Kb1 Bg4 20. Qa4 Bxf3
21. gxf3 a6 22. Rf4 Re5 23. Qd4 Rc6 24. Rxf6 Qxf6 25. Nxd5 Rxd5 26. Qxd5 Rd6
27. Qe4 Re6 28. Qf5 Qe7 29. Qg4 Qf6 30. Qg5 Nd7 31. Qxf6 Rxf6 32. f4 Kf8 33.
Bxh7 Rh6 34. Be4 Rxh5 35. Bxb7 Nc5 36. Bf3 Rh2 37. Rg2 Rh1+ 38. Kc2 Ra1 39. b4
Na4 40. Bd5 Re1 41. Be4 1-0

[Event "Moscow Open 2007"]
[Site "Moscow"]
[Date "2007.01.28"]
[Round "2"]
[White "Chudinovskikh, Alexander M"]
[Black "Sitnikov, Anton"]
[Result "1-0"]
[WhiteElo "2359"]
[BlackElo "2467"]
[PlyCount "96"]
[EventDate "2007.??.??"]

1. e4 e6 2. d4 d5 3. exd5 exd5 4. Nf3 c6 5. Bd3 Bd6 6. O-O Bg4 7. Re1+ Ne7 8.
Nbd2 Nd7 9. c4 Nf6 10. Qe2 dxc4 11. Nxc4 Bb4 12. Rd1 Nfd5 13. a3 Bd6 14. Nce5
Bh5 15. Bd2 Qc7 16. Rac1 O-O-O 17. h3 Kb8 18. b4 f6 19. g4 Be8 20. Kg2 h5 21.
g5 fxe5 22. dxe5 h4 23. exd6 Rxd6 24. Ne5 Re6 25. Re1 Bh5 26. Nd7+ Qxd7 27.
Qxe6 Qd8 28. Qe5+ Ka8 29. Be4 a6 30. a4 Re8 31. Qxg7 Rg8 32. Qe5 Qf8 33. b5 Ng6
34. Bxg6 Qf3+ 35. Kg1 Bxg6 36. bxc6 Rf8 37. cxb7+ Kxb7 38. Qe2 Qxh3 39. Qe6 Qf3
40. Be3 Nxe3 41. Qxe3 Qg4+ 42. Kf1 Rf7 43. a5 Qb4 44. Kg1 Qxa5 45. Rc5 Qb4 46.
Rec1 Qg4+ 47. Kf1 Be4 48. Qb3+ Ka7 1-0

[Event "Moscow Open 2007"]
[Site "Moscow"]
[Date "2007.01.28"]
[Round "2"]
[White "Gavrilov, Alexei"]
[Black "Yuzhakov, Oleg"]
[Result "1-0"]
[WhiteElo "2465"]
[BlackElo "2221"]
[PlyCount "100"]
[EventDate "2007.??.??"]

1. d4 d5 2. c4 e6 3. Nf3 c6 4. Qc2 Nf6 5. Nbd2 Nbd7 6. g3 a6 7. Bg2 b5 8. b3
Bb7 9. c5 a5 10. O-O Be7 11. a3 Qc7 12. e4 O-O 13. e5 Nh5 14. Re1 Rae8 15. Bh3
g6 16. Nf1 Ng7 17. Bf4 Qd8 18. Qd2 Kh8 19. Bg2 Nf5 20. h4 Bc8 21. N1h2 h5 22.
Bh3 Rg8 23. Bg5 Rg7 24. Bxe7 Rxe7 25. Ng5 Nf8 26. Nhf3 Ra7 27. Kh2 Kg8 28. Ng1
Ne7 29. b4 a4 30. Ne2 Nh7 31. Nxh7 Rxh7 32. Qg5 Kf8 33. f3 Ke8 34. g4 Kd7 35.
Nf4 Qh8 36. gxh5 gxh5 37. Rg1 Bb7 38. Qf6 Ra8 39. Nxe6 fxe6 40. Qxe6+ Ke8 41.
Qd7+ Kf8 42. Qxb7 Rd8 43. Qc7 Ke8 44. Rg3 Qf8 45. e6 Qf6 46. Rag1 Rh8 47. Rg7
Qxh4 48. R1g5 Qf2+ 49. Rg2 Qh4 50. Rf7 Nc8 1-0

[Event "Moscow Open 2007"]
[Site "Moscow"]
[Date "2007.01.28"]
[Round "2"]
[White "Ulko, Jaroslav"]
[Black "Gingold, Anton"]
[Result "1-0"]
[WhiteElo "2460"]
[BlackElo "2079"]
[PlyCount "75"]
[EventDate "2007.??.??"]

1. d4 d5 2. c4 c6 3. Nf3 Nf6 4. Nc3 a6 5. e3 b5 6. b3 e6 7. Bd3 Bd6 8. O-O O-O
9. e4 dxe4 10. Nxe4 Nxe4 11. Bxe4 h6 12. c5 Bc7 13. Ne5 Bb7 14. g3 Qe7 15. Be3
a5 16. Rc1 Rd8 17. Qc2 f5 18. Bg2 Bxe5 19. dxe5 Na6 20. a3 Nc7 21. Rfd1 Rxd1+
22. Rxd1 Rc8 23. g4 fxg4 24. Qg6 Qe8 25. Qxg4 h5 26. Qg5 Nd5 27. Be4 Qf7 28.
Bg6 Qf3 29. Bxh5 Qe4 30. Bg6 Qf3 31. Rd3 b4 32. Qh4 Ne7 33. Bh7+ Kf8 34. Bg5
Qf7 35. Bxe7+ Qxe7 36. Rf3+ Ke8 37. Bg6+ Kd7 38. Rd3+ 1-0

[Event "Moscow Open 2007"]
[Site "Moscow"]
[Date "2007.01.28"]
[Round "2"]
[White "Kutuzov, Denis"]
[Black "Tarlev, Konstantin"]
[Result "0-1"]
[WhiteElo "2293"]
[BlackElo "2454"]
[PlyCount "118"]
[EventDate "2007.??.??"]

1. b4 c6 2. e3 Qb6 3. a3 a5 4. bxa5 Qxa5 5. c4 e6 6. Bb2 d5 7. Nf3 Nd7 8. Be2
Ngf6 9. O-O Bd6 10. d4 Qc7 11. a4 Ne4 12. Ba3 O-O 13. Qc2 b6 14. Bd3 f5 15. Rc1
Bb7 16. Nc3 Bxa3 17. Rxa3 Qd6 18. Qb3 Kh8 19. Ra2 c5 20. Nb5 Qb8 21. Nd2 cxd4
22. exd4 Qf4 23. Bxe4 fxe4 24. Qe3 Qh4 25. Nd6 Bc6 26. cxd5 Bxd5 27. Ra3 Nf6
28. h3 Rad8 29. Nb5 Ba8 30. Nc4 Nd5 31. Qg3 Qh6 32. Re1 Nf4 33. Nxb6 e3 34.
fxe3 Nxg2 35. Re2 Nh4 36. Nxa8 Rxa8 37. Rf2 Rf6 38. Rf4 Rxf4 39. exf4 Qh5 40.
Qg4 Qh6 41. a5 g5 42. a6 Qg6 43. f5 exf5 44. Qe2 Re8 45. Re3 Rxe3 46. Qxe3 Qxa6
47. Qe8+ Kg7 48. Qe7+ Kg6 49. Qe8+ Kg7 50. Qe7+ Kh6 51. Qf8+ Kh5 52. Qe8+ Ng6
53. Qe2+ Kh6 54. d5 Nf4 55. Qc4 Qa1+ 56. Kf2 Qb2+ 57. Ke3 Qe5+ 58. Kf3 Nxd5 59.
Qd4 Qh2 0-1

[Event "Moscow Open 2007"]
[Site "Moscow"]
[Date "2007.01.28"]
[Round "2"]
[White "Yuganova, Marina"]
[Black "Demchenko, Anton"]
[Result "0-1"]
[WhiteElo "1900"]
[BlackElo "2427"]
[PlyCount "60"]
[EventDate "2007.??.??"]

1. c4 Nf6 2. g3 g6 3. Bg2 Bg7 4. Nc3 O-O 5. Nf3 d6 6. O-O e5 7. d3 Nc6 8. Rb1
h6 9. b4 Be6 10. Ne1 d5 11. cxd5 Nxd5 12. Nxd5 Bxd5 13. Bxd5 Qxd5 14. a3 Nd4
15. Be3 a5 16. Nc2 axb4 17. Nxb4 Qd7 18. Bxd4 exd4 19. Qb3 Ra5 20. Rfc1 Rh5 21.
h4 Re8 22. Qd1 Be5 23. Kg2 Rxh4 24. gxh4 Qg4+ 25. Kf1 Qh3+ 26. Ke1 Bf4 27. e3
Bxe3 28. fxe3 Rxe3+ 29. Qe2 Qg2 30. Rb2 Qg1+ 0-1

[Event "Moscow Open 2007"]
[Site "Moscow"]
[Date "2007.01.28"]
[Round "2"]
[White "Isaev, Yuri"]
[Black "Rychagov, Andrey"]
[Result "1/2-1/2"]
[WhiteElo "2343"]
[BlackElo "2586"]
[PlyCount "80"]
[EventDate "2007.??.??"]

1. e4 c5 2. Nf3 e6 3. b3 b6 4. Bb2 Bb7 5. Nc3 a6 6. d4 cxd4 7. Nxd4 Qc7 8. Bd3
Nf6 9. Nde2 b5 10. a3 Nc6 11. Qd2 Be7 12. h3 O-O 13. O-O b4 14. axb4 Nxb4 15.
Ng3 Nxd3 16. Qxd3 Rfc8 17. Ra4 a5 18. Rc4 Qd6 19. Rd4 Qa6 20. Nb5 Bc6 21. c4
Bxb5 22. cxb5 Qb7 23. e5 Nd5 24. Nf5 Bf8 25. Nd6 Bxd6 26. exd6 Rf8 27. Rc1 Rab8
28. Qg3 f6 29. Rc5 Rf7 30. Rdc4 Rbf8 31. Qd3 Rb8 32. Ra4 Rff8 33. Rh4 f5 34.
Rhc4 f4 35. Qd4 Rf6 36. b6 Rg6 37. Qe4 Nxb6 38. Qxb7 Rxb7 39. Rxf4 h6 40. Rxa5
Nd5 1/2-1/2

[Event "Moscow Open 2007"]
[Site "Moscow"]
[Date "2007.01.28"]
[Round "2"]
[White "Losev, Dmitry"]
[Black "Yakovich, Yuri"]
[Result "0-1"]
[WhiteElo "2345"]
[BlackElo "2577"]
[PlyCount "70"]
[EventDate "2007.??.??"]

1. e4 c5 2. Nf3 Nc6 3. b3 d6 4. Bb5 Bd7 5. O-O Nf6 6. Re1 g6 7. c3 a6 8. Bf1
Bg7 9. h3 O-O 10. d4 d5 11. exd5 Nxd5 12. dxc5 Bf5 13. Bd2 Qa5 14. b4 Qc7 15.
a3 Rfd8 16. Qb3 a5 17. Ra2 e5 18. Bc4 a4 19. Qd1 e4 20. Ng5 Ne5 21. Bxd5 Rxd5
22. Nxe4 b6 23. Qe2 Nd3 24. c4 Rd4 25. Nd6 Nxe1 26. Nxf5 gxf5 27. Qxe1 bxc5 28.
Be3 Rxc4 29. Bxc5 Re4 30. Re2 Rae8 31. Re3 Rxe3 32. fxe3 f4 33. Nc3 fxe3 34.
Nd5 Qe5 35. Nxe3 Bh6 0-1

[Event "Moscow Open 2007"]
[Site "Moscow"]
[Date "2007.01.28"]
[Round "2"]
[White "Sorokin, Maxim"]
[Black "Guseva, Marina"]
[Result "1-0"]
[WhiteElo "2547"]
[BlackElo "2305"]
[PlyCount "57"]
[EventDate "2007.??.??"]

1. c4 e6 2. Nc3 d5 3. d4 c6 4. Nf3 dxc4 5. Bg5 f6 6. Bd2 b5 7. a4 Qb6 8. axb5
cxb5 9. b3 Bb4 10. bxc4 Bxc3 11. Bxc3 b4 12. Qb1 Nc6 13. d5 exd5 14. cxd5 Qc5
15. Bb2 Qxd5 16. e4 Qc5 17. Qa2 Nge7 18. Rc1 Qb6 19. Bc4 a5 20. O-O a4 21. e5
f5 22. Bf7+ Kf8 23. e6 h6 24. Bxg7+ Kxg7 25. Qa1+ Kh7 26. Qf6 Rf8 27. Rc4 Nd8
28. Rh4 Nxf7 29. Ng5+ 1-0

[Event "Moscow Open 2007"]
[Site "Moscow"]
[Date "2007.01.28"]
[Round "2"]
[White "Oleksienko, Mikhailo"]
[Black "Vafin, Niaz"]
[Result "1-0"]
[WhiteElo "2541"]
[BlackElo "2308"]
[PlyCount "105"]
[EventDate "2007.??.??"]

1. e4 e5 2. Nf3 Nf6 3. d4 Nxe4 4. Bd3 d5 5. Nxe5 Nd7 6. Nxd7 Bxd7 7. O-O Bd6 8.
c4 c6 9. cxd5 cxd5 10. Qh5 O-O 11. Qxd5 Bc6 12. Qh5 g6 13. Qh3 Ng5 14. Qg4 Ne6
15. Bh6 Re8 16. Nc3 Nxd4 17. Rad1 Ne6 18. Nb5 Bxb5 19. Bxb5 Re7 20. Bc4 Qc7 21.
Rc1 Qb6 22. b3 Bc5 23. Kh1 Rae8 24. f4 Be3 25. Rcd1 Kh8 26. Bg5 Nxg5 27. fxg5
Qc7 28. h4 Rf8 29. Rd3 a6 30. Qh3 Ba7 31. h5 Qb6 32. Rdf3 gxh5 33. Bd3 Rg8 34.
Bxh7 Rxg5 35. Qc8+ Kxh7 36. Qf8 Rg7 37. Qxe7 Qg6 38. Qe2 Qg4 39. Qc2+ Kg8 40.
Rh3 Rg6 41. Re1 Bd4 42. Re4 Qd7 43. Qd2 Rd6 44. Rd3 Be5 45. Qg5+ Bg7 46. Rxd6
Qxd6 47. Re8+ Kh7 48. Qxh5+ Qh6 49. Qxh6+ Kxh6 50. Re7 b6 51. Rxf7 Bd4 52. g3
a5 53. Kg2 1-0

[Event "Moscow Open 2007"]
[Site "Moscow"]
[Date "2007.01.28"]
[Round "2"]
[White "Iljin, Artem"]
[Black "Belous, Vladimir"]
[Result "1/2-1/2"]
[WhiteElo "2529"]
[BlackElo "2289"]
[PlyCount "117"]
[EventDate "2007.??.??"]

1. d4 Nf6 2. c4 g6 3. Nc3 Bg7 4. Nf3 O-O 5. Bg5 d6 6. e3 Nbd7 7. Qc2 b6 8. Be2
Bb7 9. e4 e5 10. d5 a5 11. Nd2 Nc5 12. g4 Qd7 13. Rg1 h6 14. Be3 Nh7 15. h4 Kh8
16. O-O-O Bc8 17. h5 g5 18. b3 Qe7 19. Kb2 Bd7 20. a3 Rfb8 21. Ra1 Qe8 22. Rgb1
Nf6 23. f3 Ra7 24. Kc1 Rba8 25. Ra2 Qb8 26. Rba1 Bf8 27. b4 Nb7 28. Nb3 Ne8 29.
Rb1 Qc8 30. Rab2 axb4 31. axb4 Ra3 32. Ra2 Rxa2 33. Nxa2 Ra4 34. Qb2 Qa8 35.
Ra1 f6 36. Nc3 Rxa1+ 37. Qxa1 Qxa1+ 38. Nxa1 Kg7 39. Bd1 Kf7 40. Ba4 Ke7 41.
Bxd7 Kxd7 42. Kb2 Bg7 43. Nb3 f5 44. exf5 e4 45. Bd4 Bxd4 46. Nxd4 exf3 47. Ne4
f2 48. Nxf2 Nf6 49. Ne6 c6 50. dxc6+ Kxc6 51. Kc3 d5 52. Kd4 dxc4 53. Kxc4 Nd6+
54. Kd4 Nb5+ 55. Ke5 Nd7+ 56. Ke4 Nf6+ 57. Kf3 Kd5 58. Ke3 Nd6 59. Kd3 1/2-1/2

[Event "Moscow Open 2007"]
[Site "Moscow"]
[Date "2007.01.28"]
[Round "2"]
[White "Maiorov, Nikita"]
[Black "Timofeev, Vladimir F"]
[Result "0-1"]
[WhiteElo "2516"]
[BlackElo "2302"]
[PlyCount "130"]
[EventDate "2007.??.??"]

1. d4 Nf6 2. c4 e6 3. Nc3 Bb4 4. Qc2 O-O 5. a3 Bxc3+ 6. Qxc3 b6 7. Nf3 Bb7 8.
e3 d6 9. Be2 Nbd7 10. O-O Ne4 11. Qc2 f5 12. b4 Ng5 13. Nxg5 Qxg5 14. f3 e5 15.
c5 dxc5 16. dxc5 bxc5 17. bxc5 Bc6 18. e4 f4 19. a4 Qe7 20. Ba3 Rf6 21. Bb5 Rd8
22. Rfd1 Nb8 23. Qc3 Rff8 24. Bb2 Rde8 25. Bc4+ Kh8 26. Bd5 Rf6 27. Rd2 Rh6 28.
Bxc6 Nxc6 29. Rad1 Qh4 30. h3 Qg3 31. Kf1 Rg6 32. Rf2 h6 33. Qc4 Kh7 34. Qf7
Re7 35. Qf5 Ree6 36. Qf7 Re7 37. Qf8 Qh2 38. Qc8 Rxg2 39. Qf5+ Kg8 40. Qc8+ Kh7
41. Qf5+ g6 42. Qxg6+ Kxg6 43. Rxg2+ Qxg2+ 44. Kxg2 Kf6 45. Bc3 Ke6 46. Rb1
Rg7+ 47. Kh2 Rg3 48. Rf1 Nd4 49. Bxd4 exd4 50. Rd1 Ke5 51. Rd3 Rg6 52. Rb3 Rc6
53. Rb8 Rxc5 54. Re8+ Kf6 55. Rd8 Rc2+ 56. Kg1 c5 57. Kf1 Kg5 58. Rg8+ Kh5 59.
Rg4 d3 60. Ke1 c4 61. Rxf4 c3 62. Rf5+ Kh4 63. Rd5 Re2+ 64. Kf1 c2 65. Rxd3 Rh2
0-1

[Event "Moscow Open 2007"]
[Site "Moscow"]
[Date "2007.01.28"]
[Round "2"]
[White "Naumkin, Igor"]
[Black "Shumilina, Alexandra"]
[Result "1/2-1/2"]
[WhiteElo "2510"]
[BlackElo "2277"]
[PlyCount "79"]
[EventDate "2007.??.??"]

1. d4 d5 2. c4 c6 3. Nf3 Nf6 4. Nc3 a6 5. e3 b5 6. b3 Bg4 7. Be2 e6 8. O-O Nbd7
9. Ne5 Bxe2 10. Qxe2 Nxe5 11. dxe5 Nd7 12. f4 Bc5 13. Kh1 O-O 14. cxd5 cxd5 15.
Bb2 Rc8 16. a4 b4 17. Nd1 a5 18. Nf2 f5 19. g4 Qb6 20. Rae1 Be7 21. gxf5 Rxf5
22. Rg1 Nf8 23. Bd4 Qb7 24. Rc1 Rf7 25. Ng4 Kh8 26. Qg2 Ng6 27. Qh3 Qa6 28. Qf1
Qa8 29. Qb5 Bh4 30. Qb6 Nf8 31. h3 Bd8 32. Qb5 Rxc1 33. Rxc1 Rc7 34. Rxc7 Bxc7
35. Nf2 Qd8 36. Qc6 Qd7 37. Qxd7 Nxd7 38. Kg2 Kg8 39. Kf3 Kf7 40. Nd3 1/2-1/2

[Event "Moscow Open 2007"]
[Site "Moscow"]
[Date "2007.01.28"]
[Round "2"]
[White "Maslov, Mikhail"]
[Black "Zinchenko, Yaroslav"]
[Result "0-1"]
[WhiteElo "2336"]
[BlackElo "2507"]
[PlyCount "135"]
[EventDate "2007.??.??"]

1. c4 Nf6 2. g3 g6 3. Bg2 d5 4. cxd5 Nxd5 5. Nc3 Nb6 6. d4 Bg7 7. Nf3 O-O 8.
O-O Nc6 9. e3 Re8 10. d5 Na5 11. Nd4 Bd7 12. a4 Rc8 13. b4 c5 14. bxa5 cxd4 15.
Nb5 dxe3 16. Bxe3 Nc4 17. Bd4 Bxd4 18. Qxd4 a6 19. Na7 Rc7 20. Rac1 Nd6 21. h4
Rxc1 22. Rxc1 Qxa5 23. h5 Qxa4 24. Qb2 Ra8 25. h6 f6 26. Qb6 Bg4 27. Rc7 Qe8
28. Qe3 Kf8 29. Be4 Qd8 30. Rc1 Nxe4 31. Qxe4 Bf5 32. Qd4 Qb8 33. g4 Qxa7 34.
Qf4 Qb6 35. gxf5 g5 36. Qe4 Qd6 37. Rb1 b5 38. Rc1 Rd8 39. Re1 a5 40. Re3 b4
41. f4 g4 42. Kh2 b3 43. Rxb3 Qxd5 44. Qxd5 Rxd5 45. Rb8+ Kf7 46. Rh8 Rxf5 47.
Rxh7+ Kg6 48. Rxe7 Rh5+ 49. Kg3 Kf5 50. h7 Rh3+ 51. Kg2 Kxf4 52. Rf7 f5 53. Ra7
Kg5 54. Rg7+ Kf6 55. Ra7 Kg6 56. Rxa5 Rxh7 57. Ra8 Kg5 58. Rg8+ Kf4 59. Ra8 Re7
60. Ra2 Re4 61. Rb2 Kg5 62. Rb5 Kf4 63. Rb2 Re5 64. Kf2 Ke4 65. Rb8 Ra5 66. Kf1
Ra2 67. Kg1 f4 68. Rb1 0-1

[Event "Moscow Open 2007"]
[Site "Moscow"]
[Date "2007.01.28"]
[Round "2"]
[White "Danin, Alexandre"]
[Black "Bogumil, Tatiana"]
[Result "1-0"]
[WhiteElo "2451"]
[BlackElo "2188"]
[PlyCount "53"]
[EventDate "2007.??.??"]

1. e4 e5 2. Nf3 Nc6 3. d4 exd4 4. Nxd4 d6 5. Nc3 Nf6 6. f3 Be7 7. Be3 O-O 8.
Qd2 Bd7 9. O-O-O a6 10. g4 Nxd4 11. Bxd4 Bc6 12. h4 b5 13. g5 Nh5 14. Bh3 b4
15. Ne2 g6 16. Bg4 Ng7 17. Qxb4 Bb5 18. Qd2 Ne6 19. Bc3 Nc5 20. Qd4 f6 21. Nf4
a5 22. h5 Be8 23. hxg6 Bxg6 24. Rh6 Kf7 25. Qd5+ Ke8 26. Qc6+ Kf7 27. Nxg6 1-0

[Event "Moscow Open 2007"]
[Site "Moscow"]
[Date "2007.01.28"]
[Round "2"]
[White "Vorotnikov, Vladislav"]
[Black "Tilicheev, Viacheslav"]
[Result "1-0"]
[WhiteElo "2437"]
[BlackElo "2039"]
[PlyCount "103"]
[EventDate "2007.??.??"]

1. e4 c5 2. c3 d5 3. exd5 Qxd5 4. d4 Nf6 5. Na3 cxd4 6. Nb5 Qd8 7. Bf4 Na6 8.
Qxd4 Qxd4 9. Nxd4 Nc5 10. Nb5 Ne6 11. Be3 a6 12. Nd4 Nxd4 13. Bxd4 Bf5 14. Be2
O-O-O 15. Nf3 Nd7 16. Be3 h6 17. O-O-O e6 18. Rd2 Bc5 19. Bd4 Bxd4 20. Rxd4 Nb6
21. Rhd1 Rxd4 22. Nxd4 Bg6 23. c4 Rd8 24. b3 Be4 25. f3 Bg6 26. f4 Be4 27. g3
Nd7 28. Nf3 Nc5 29. Rxd8+ Kxd8 30. Kd2 Bb1 31. b4 Ne4+ 32. Kc1 Bxa2 33. Kb2 b5
34. cxb5 axb5 35. Kxa2 Nc3+ 36. Kb2 Nxe2 37. Kc2 g5 38. fxg5 hxg5 39. Kd2 g4
40. Kxe2 gxf3+ 41. Kxf3 Ke7 42. Ke4 Kf6 43. h4 Kg6 44. g4 f6 45. Kd4 Kh6 46.
Kc5 f5 47. g5+ Kh5 48. Kxb5 f4 49. Kc4 Kxh4 50. g6 f3 51. Kd3 Kh3 52. g7 1-0

[Event "Moscow Open 2007"]
[Site "Moscow"]
[Date "2007.01.28"]
[Round "2"]
[White "Beletsky, Alexey"]
[Black "Vladimirov, Ivan"]
[Result "1-0"]
[WhiteElo "2386"]
[BlackElo "2191"]
[PlyCount "49"]
[EventDate "2007.??.??"]

1. d4 Nf6 2. c4 e6 3. g3 b6 4. Bg2 d5 5. cxd5 exd5 6. Nc3 c6 7. Nf3 Bd6 8. O-O
O-O 9. Ne5 Re8 10. Bf4 Bxe5 11. dxe5 Ng4 12. Nxd5 Bd7 13. e6 fxe6 14. Nc7 e5
15. Nxe8 Qxe8 16. Bd2 Na6 17. Bc3 Rd8 18. Qd6 Nc5 19. h3 Nf6 20. Qxe5 Qg6 21.
Qd6 Nce4 22. Bxe4 Qxe4 23. Bxf6 gxf6 24. Rad1 Kf7 25. Qd3 1-0

[Event "Moscow Open 2007"]
[Site "Moscow"]
[Date "2007.01.28"]
[Round "2"]
[White "Girya, Olga"]
[Black "Okara, Andrey"]
[Result "0-1"]
[WhiteElo "2235"]
[BlackElo "2358"]
[PlyCount "94"]
[EventDate "2007.??.??"]

1. e4 e5 2. Nf3 Nc6 3. Nc3 Nf6 4. d4 exd4 5. Nxd4 Bc5 6. Be3 Bb6 7. Qd2 O-O 8.
O-O-O Re8 9. f3 d6 10. Kb1 Nxd4 11. Bxd4 Be6 12. Be2 Bxd4 13. Qxd4 a6 14. f4 b5
15. Bf3 Rb8 16. e5 dxe5 17. fxe5 Qxd4 18. Rxd4 Nd7 19. Bc6 Re7 20. Rhd1 Nf8 21.
b3 g6 22. Ne4 Bf5 23. Nf6+ Kg7 24. g4 Rxe5 25. Ne8+ Rbxe8 26. Bxe8 Bxg4 27.
Rxg4 Rxe8 28. Rd2 f5 29. Rgd4 Re7 30. c4 bxc4 31. Rxc4 g5 32. Rd5 Kg6 33. Rc6+
Ne6 34. Kc2 g4 35. Rxa6 Kg5 36. Rc6 h5 37. a4 Nf4 38. Rd2 h4 39. a5 g3 40. hxg3
hxg3 41. a6 g2 42. a7 Re8 43. Rd7 Rg8 44. a8=Q Rxa8 45. Rg7+ Kh5 46. Rc5 Ng6
47. Rxf5+ Kh6 0-1

[Event "Moscow Open 2007"]
[Site "Moscow"]
[Date "2007.01.28"]
[Round "2"]
[White "Aleksandrov, Aleksej"]
[Black "Cherenkov, Andrey"]
[Result "1-0"]
[WhiteElo "2601"]
[BlackElo "2206"]
[PlyCount "81"]
[EventDate "2007.??.??"]

1. d4 Nf6 2. c4 d5 3. cxd5 Nxd5 4. e4 Nf6 5. Nc3 e6 6. Bg5 Be7 7. Nf3 O-O 8.
Bd3 c5 9. dxc5 Nbd7 10. O-O Nxc5 11. Bc2 b6 12. b4 Qxd1 13. Rfxd1 Ncd7 14. a3
h6 15. Bh4 g5 16. Bg3 Bb7 17. Ba4 Rac8 18. Rac1 Nb8 19. Nb5 Bxe4 20. Rxc8 Rxc8
21. Nxa7 Rf8 22. Rc1 Nd5 23. Rc8 Na6 24. Bb5 Nac7 25. Rxc7 Nxc7 26. Bxc7 Bf6
27. Bxb6 g4 28. Nd2 Bc2 29. Nf1 Rb8 30. Bc5 Rb7 31. Ne3 Bb3 32. Nxg4 Be7 33.
Bxe7 Rxa7 34. Bc5 Rxa3 35. h4 f5 36. Ne5 Ra1+ 37. Kh2 Rd1 38. Ba6 Bd5 39. b5
Rc1 40. Be3 Rc2 41. Kg3 1-0

[Event "Moscow Open 2007"]
[Site "Moscow"]
[Date "2007.01.28"]
[Round "2"]
[White "Gabrielian, Artur"]
[Black "Kharmunova, Nadejda"]
[Result "1-0"]
[WhiteElo "2521"]
[BlackElo "2198"]
[PlyCount "67"]
[EventDate "2007.??.??"]

1. e4 c5 2. Nf3 Nf6 3. Nc3 Nc6 4. d4 d5 5. exd5 Nxd5 6. dxc5 Nxc3 7. Qxd8+ Nxd8
8. bxc3 Bd7 9. Ne5 Ba4 10. Rb1 f6 11. Rb4 Bc6 12. Nxc6 bxc6 13. Ba6 e5 14. Be3
Be7 15. Ke2 Kd7 16. f4 exf4 17. Rd1+ Ke8 18. Rxf4 Rb8 19. Rb4 Ra8 20. Rdb1 Kf7
21. Rb8 Rxb8 22. Rxb8 Re8 23. Bc4+ Kf8 24. Rc8 Nb7 25. Rc7 Nxc5 26. Rxc6 Nd7
27. Be6 Ne5 28. Ra6 f5 29. Bxf5 Nc4 30. Bd4 Bd6+ 31. Kf2 Kg8 32. Rxa7 Ne5 33.
Ra6 Nc4 34. Bd3 1-0